Asrar-e-Khudi : (Record no. 607336)
[ view plain ]
| 000 -LEADER | |
|---|---|
| fixed length control field | 00476nam a22001577a 4500 |
| 020 ## - INTERNATIONAL STANDARD BOOK NUMBER | |
| International Standard Book Number | 9789692383707 |
| 040 ## - CATALOGING SOURCE | |
| Transcribing agency | 0 |
| 082 ## - DEWEY DECIMAL CLASSIFICATION NUMBER | |
| Classification number | 891.4391,IJA |
| 100 ## - MAIN ENTRY--PERSONAL NAME | |
| Personal name | Ijaz, Muhammad Asghar |
| 9 (RLIN) | 119702 |
| 245 ## - TITLE STATEMENT | |
| Title | Asrar-e-Khudi : |
| Remainder of title | A Persian Book Translated into Urdu / |
| Statement of responsibility, etc. | Prof. Muhammad Asghar Ijaz, |
| 260 ## - PUBLICATION, DISTRIBUTION, ETC. | |
| Place of publication, distribution, etc. | Rawalpindi |
| Name of publisher, distributor, etc. | Askaria Education System |
| 300 ## - PHYSICAL DESCRIPTION | |
| Extent | 128 p |
| 650 ## - SUBJECT ADDED ENTRY--TOPICAL TERM | |
| Topical term or geographic name entry element | Asrar-e-Khudi |
| 9 (RLIN) | 119703 |
| 651 ## - SUBJECT ADDED ENTRY--GEOGRAPHIC NAME | |
| Geographic name | Persian Book Translated into Urdu |
| 9 (RLIN) | 119704 |
| 942 ## - ADDED ENTRY ELEMENTS (KOHA) | |
| Source of classification or shelving scheme | |
| Koha item type | Book |
| Withdrawn status | Lost status | Source of classification or shelving scheme | Damaged status | Not for loan | Permanent Location | Current Location | Shelving location | Date acquired | Shelving control number | Total Checkouts | Full call number | Barcode | Date last seen | Price effective from | Koha item type | Public note |
|---|---|---|---|---|---|---|---|---|---|---|---|---|---|---|---|---|
| Military College of Signals (MCS) | Military College of Signals (MCS) | General Stacks | 12/13/2023 | Urdu Literature | 891.4391,IJA | MCS38759 | 12/13/2023 | 12/13/2023 | Book | Almirah No.66, Shelf No.1 |
